<?xml version="1.0" encoding="UTF-8"?><marc:collection xmlns:marc="http://www.loc.gov/MARC21/slim">
  <marc:record>
    <marc:leader>00000nam  2200000za 4500</marc:leader>
    <marc:controlfield tag="001">9.636786</marc:controlfield>
    <marc:controlfield tag="003">CaOODSP</marc:controlfield>
    <marc:controlfield tag="005">20250403105341</marc:controlfield>
    <marc:controlfield tag="007">cr |||||||||||</marc:controlfield>
    <marc:controlfield tag="008">150407s1983    onc|||||o    f00| 0 fre d</marc:controlfield>
    <marc:datafield tag="040" ind1=" " ind2=" ">
      <marc:subfield code="a">CaOODSP</marc:subfield>
      <marc:subfield code="b">fre</marc:subfield>
    </marc:datafield>
    <marc:datafield tag="043" ind1=" " ind2=" ">
      <marc:subfield code="a">n-cn---</marc:subfield>
    </marc:datafield>
    <marc:datafield tag="086" ind1="1" ind2=" ">
      <marc:subfield code="a">CS11-516/1983F-PDF</marc:subfield>
    </marc:datafield>
    <marc:datafield tag="245" ind1="0" ind2="0">
      <marc:subfield code="a">Statistiques historiques du Canada / </marc:subfield>
      <marc:subfield code="h">[ressource électronique]</marc:subfield>
      <marc:subfield code="c">F. H. Leacy, Rédacteur en chef; produite conjointement par la Fédération canadienne des sciences sociales et Statistique Canada. </marc:subfield>
    </marc:datafield>
    <marc:datafield tag="250" ind1=" " ind2=" ">
      <marc:subfield code="a">2e éd.</marc:subfield>
    </marc:datafield>
    <marc:datafield tag="260" ind1=" " ind2=" ">
      <marc:subfield code="a">Ottawa - Ontario : </marc:subfield>
      <marc:subfield code="b">Statistique Canada </marc:subfield>
      <marc:subfield code="c">1983.</marc:subfield>
    </marc:datafield>
    <marc:datafield tag="500" ind1=" " ind2=" ">
      <marc:subfield code="a">Les dossiers de PDF pour 22 sections et un indice.</marc:subfield>
    </marc:datafield>
    <marc:datafield tag="520" ind1="3" ind2=" ">
      <marc:subfield code="a">Comprend environ 1 088 tableaux statistiques sur la situation sociale, économique et institutionnelle du Canada, du début de la Confédération, en 1867, au milieu des années 70. Les tableaux sont disposés en sections, lesquelles comportent une introduction qui explique le contenu de chaque section ainsi que les sources principales de données pour chaque tableau, et des notes explicatives générales concernant les statistiques. Dans la plupart des cas, la description des séries individuelles est suffisante pour permettre aux lecteurs de les utiliser sans avoir à consulter les nombreuses sources dont il est fait état dans la publication.</marc:subfield>
    </marc:datafield>
    <marc:datafield tag="590" ind1=" " ind2=" ">
      <marc:subfield code="a">10-02-Supp</marc:subfield>
      <marc:subfield code="b">2010-06-14</marc:subfield>
    </marc:datafield>
    <marc:datafield tag="691" ind1="0" ind2="7">
      <marc:subfield code="a">Statistiques</marc:subfield>
      <marc:subfield code="2">gcpds</marc:subfield>
    </marc:datafield>
    <marc:datafield tag="710" ind1="2" ind2=" ">
      <marc:subfield code="a">Fédération canadienne des sciences sociales.</marc:subfield>
    </marc:datafield>
    <marc:datafield tag="710" ind1="2" ind2=" ">
      <marc:subfield code="a">Statistique Canada.</marc:subfield>
    </marc:datafield>
    <marc:datafield tag="720" ind1="1" ind2=" ">
      <marc:subfield code="a">Leacy, F.</marc:subfield>
    </marc:datafield>
    <marc:datafield tag="775" ind1="0" ind2="8">
      <marc:subfield code="t">Historical statistics of Canada / </marc:subfield>
      <marc:subfield code="w">(CaOODSP)9.692518</marc:subfield>
    </marc:datafield>
    <marc:datafield tag="856" ind1="4" ind2="0">
      <marc:subfield code="a">http://publications.gc.ca</marc:subfield>
      <marc:subfield code="q">PDF</marc:subfield>
      <marc:subfield code="s">215 Ko</marc:subfield>
      <marc:subfield code="u">https://publications.gc.ca/collections/Collection/Statcan/11-516-XIF/11-516-XIF-seriesa.pdf</marc:subfield>
    </marc:datafield>
    <marc:datafield tag="856" ind1="4" ind2="0">
      <marc:subfield code="a">http://publications.gc.ca</marc:subfield>
      <marc:subfield code="q">PDF</marc:subfield>
      <marc:subfield code="s">304 Ko</marc:subfield>
      <marc:subfield code="u">https://publications.gc.ca/collections/Collection/Statcan/11-516-XIF/seriesc.pdf</marc:subfield>
    </marc:datafield>
    <marc:datafield tag="856" ind1="4" ind2="0">
      <marc:subfield code="a">http://publications.gc.ca</marc:subfield>
      <marc:subfield code="q">PDF</marc:subfield>
      <marc:subfield code="s">359 Ko</marc:subfield>
      <marc:subfield code="u">https://publications.gc.ca/collections/Collection/Statcan/11-516-XIF/seriesz.pdf</marc:subfield>
    </marc:datafield>
    <marc:datafield tag="856" ind1="4" ind2="0">
      <marc:subfield code="a">http://publications.gc.ca</marc:subfield>
      <marc:subfield code="q">PDF</marc:subfield>
      <marc:subfield code="s">364 Ko</marc:subfield>
      <marc:subfield code="u">https://publications.gc.ca/collections/Collection/Statcan/11-516-XIF/seriesy.pdf</marc:subfield>
    </marc:datafield>
    <marc:datafield tag="856" ind1="4" ind2="0">
      <marc:subfield code="a">http://publications.gc.ca</marc:subfield>
      <marc:subfield code="q">PDF</marc:subfield>
      <marc:subfield code="s">322 Ko</marc:subfield>
      <marc:subfield code="u">https://publications.gc.ca/collections/Collection/Statcan/11-516-XIF/seriesh.pdf</marc:subfield>
    </marc:datafield>
    <marc:datafield tag="856" ind1="4" ind2="0">
      <marc:subfield code="a">http://publications.gc.ca</marc:subfield>
      <marc:subfield code="q">PDF</marc:subfield>
      <marc:subfield code="s">380 Ko</marc:subfield>
      <marc:subfield code="u">https://publications.gc.ca/collections/Collection/Statcan/11-516-XIF/seriesw.pdf</marc:subfield>
    </marc:datafield>
    <marc:datafield tag="856" ind1="4" ind2="0">
      <marc:subfield code="a">http://publications.gc.ca</marc:subfield>
      <marc:subfield code="q">PDF</marc:subfield>
      <marc:subfield code="s">336 Ko</marc:subfield>
      <marc:subfield code="u">https://publications.gc.ca/collections/Collection/Statcan/11-516-XIF/seriesv.pdf</marc:subfield>
    </marc:datafield>
    <marc:datafield tag="856" ind1="4" ind2="0">
      <marc:subfield code="a">http://publications.gc.ca</marc:subfield>
      <marc:subfield code="q">PDF</marc:subfield>
      <marc:subfield code="s">704 Ko</marc:subfield>
      <marc:subfield code="u">https://publications.gc.ca/collections/Collection/Statcan/11-516-XIF/seriesg.pdf</marc:subfield>
    </marc:datafield>
    <marc:datafield tag="856" ind1="4" ind2="0">
      <marc:subfield code="a">http://publications.gc.ca</marc:subfield>
      <marc:subfield code="q">PDF</marc:subfield>
      <marc:subfield code="s">246 Ko</marc:subfield>
      <marc:subfield code="u">https://publications.gc.ca/collections/Collection/Statcan/11-516-XIF/seriesl.pdf</marc:subfield>
    </marc:datafield>
    <marc:datafield tag="856" ind1="4" ind2="0">
      <marc:subfield code="a">http://publications.gc.ca</marc:subfield>
      <marc:subfield code="q">PDF</marc:subfield>
      <marc:subfield code="s">363 Ko</marc:subfield>
      <marc:subfield code="u">https://publications.gc.ca/collections/Collection/Statcan/11-516-XIF/seriesf.pdf</marc:subfield>
    </marc:datafield>
    <marc:datafield tag="856" ind1="4" ind2="0">
      <marc:subfield code="a">http://publications.gc.ca</marc:subfield>
      <marc:subfield code="q">PDF</marc:subfield>
      <marc:subfield code="s">221 Ko</marc:subfield>
      <marc:subfield code="u">https://publications.gc.ca/collections/Collection/Statcan/11-516-XIF/seriesp.pdf</marc:subfield>
    </marc:datafield>
    <marc:datafield tag="856" ind1="4" ind2="0">
      <marc:subfield code="a">http://publications.gc.ca</marc:subfield>
      <marc:subfield code="q">PDF</marc:subfield>
      <marc:subfield code="s">184 Ko</marc:subfield>
      <marc:subfield code="u">https://publications.gc.ca/collections/Collection/Statcan/11-516-XIF/seriesq.pdf</marc:subfield>
    </marc:datafield>
    <marc:datafield tag="856" ind1="4" ind2="0">
      <marc:subfield code="a">http://publications.gc.ca</marc:subfield>
      <marc:subfield code="q">PDF</marc:subfield>
      <marc:subfield code="s">499 Ko</marc:subfield>
      <marc:subfield code="u">https://publications.gc.ca/collections/Collection/Statcan/11-516-XIF/seriesj.pdf</marc:subfield>
    </marc:datafield>
    <marc:datafield tag="856" ind1="4" ind2="0">
      <marc:subfield code="a">http://publications.gc.ca</marc:subfield>
      <marc:subfield code="q">PDF</marc:subfield>
      <marc:subfield code="s">92 Ko</marc:subfield>
      <marc:subfield code="u">https://publications.gc.ca/collections/Collection/Statcan/11-516-XIF/11-516-XIF-index.pdf</marc:subfield>
    </marc:datafield>
    <marc:datafield tag="856" ind1="4" ind2="0">
      <marc:subfield code="a">http://publications.gc.ca</marc:subfield>
      <marc:subfield code="q">PDF</marc:subfield>
      <marc:subfield code="s">480 Ko</marc:subfield>
      <marc:subfield code="u">https://publications.gc.ca/collections/Collection/Statcan/11-516-XIF/seriesm.pdf</marc:subfield>
    </marc:datafield>
    <marc:datafield tag="856" ind1="4" ind2="0">
      <marc:subfield code="a">http://publications.gc.ca</marc:subfield>
      <marc:subfield code="q">PDF</marc:subfield>
      <marc:subfield code="s">347 Ko</marc:subfield>
      <marc:subfield code="u">https://publications.gc.ca/collections/Collection/Statcan/11-516-XIF/seriess.pdf</marc:subfield>
    </marc:datafield>
    <marc:datafield tag="856" ind1="4" ind2="0">
      <marc:subfield code="a">http://publications.gc.ca</marc:subfield>
      <marc:subfield code="q">PDF</marc:subfield>
      <marc:subfield code="s">363 Ko</marc:subfield>
      <marc:subfield code="u">https://publications.gc.ca/collections/Collection/Statcan/11-516-XIF/seriest.pdf</marc:subfield>
    </marc:datafield>
    <marc:datafield tag="856" ind1="4" ind2="0">
      <marc:subfield code="a">http://publications.gc.ca</marc:subfield>
      <marc:subfield code="q">PDF</marc:subfield>
      <marc:subfield code="s">461 Ko</marc:subfield>
      <marc:subfield code="u">https://publications.gc.ca/collections/Collection/Statcan/11-516-XIF/11-516-XIF-seriesb.pdf</marc:subfield>
    </marc:datafield>
    <marc:datafield tag="856" ind1="4" ind2="0">
      <marc:subfield code="a">http://publications.gc.ca</marc:subfield>
      <marc:subfield code="q">PDF</marc:subfield>
      <marc:subfield code="s">292 Ko</marc:subfield>
      <marc:subfield code="u">https://publications.gc.ca/collections/Collection/Statcan/11-516-XIF/seriesd.pdf</marc:subfield>
    </marc:datafield>
    <marc:datafield tag="856" ind1="4" ind2="0">
      <marc:subfield code="a">http://publications.gc.ca</marc:subfield>
      <marc:subfield code="q">PDF</marc:subfield>
      <marc:subfield code="s">324 Ko</marc:subfield>
      <marc:subfield code="u">https://publications.gc.ca/collections/Collection/Statcan/11-516-XIF/seriese.pdf</marc:subfield>
    </marc:datafield>
    <marc:datafield tag="856" ind1="4" ind2="0">
      <marc:subfield code="a">http://publications.gc.ca</marc:subfield>
      <marc:subfield code="q">PDF</marc:subfield>
      <marc:subfield code="s">657 Ko</marc:subfield>
      <marc:subfield code="u">https://publications.gc.ca/collections/Collection/Statcan/11-516-XIF/seriesr.pdf</marc:subfield>
    </marc:datafield>
    <marc:datafield tag="856" ind1="4" ind2="0">
      <marc:subfield code="a">http://publications.gc.ca</marc:subfield>
      <marc:subfield code="q">PDF</marc:subfield>
      <marc:subfield code="s">215 Ko</marc:subfield>
      <marc:subfield code="u">https://publications.gc.ca/collections/Collection/Statcan/11-516-XIF/seriesn.pdf</marc:subfield>
    </marc:datafield>
    <marc:datafield tag="856" ind1="4" ind2="0">
      <marc:subfield code="a">http://publications.gc.ca</marc:subfield>
      <marc:subfield code="q">PDF</marc:subfield>
      <marc:subfield code="s">244 Ko</marc:subfield>
      <marc:subfield code="u">https://publications.gc.ca/collections/Collection/Statcan/11-516-XIF/seriesk.pdf</marc:subfield>
    </marc:datafield>
  </marc:record>
</marc:collection>
